| 000 | 01433cam a2200397Ka 4500 | ||
|---|---|---|---|
| 001 | 99806 | ||
| 005 | 20230410130730.0 | ||
| 006 | m d | ||
| 007 | cr un||||a|a|| | ||
| 008 | 100820s2007 ve a ob 000 0 spa d | ||
| 035 | _a(OCoLC)ocn657168473 | ||
| 040 |
_aOCLCE _beng _cOCLCE _dOCLCA _dOCLCQ |
||
| 020 | _z9789802934485 | ||
| 020 | _z9802934488 | ||
| 035 | _a(OCoLC)657168473 | ||
| 043 | _as-ve--- | ||
| 049 | _aGRAL | ||
| 050 | 1 | 4 |
_aPN 5102 _bB749a 2007 |
| 100 | 1 |
_aBotía, Alejandro, _d1972- |
|
| 245 | 1 | 0 |
_aAuge y crisis del cuarto poder _bla prensa en democracia / _cAlejandro Botía. |
| 260 |
_a[Caracas] : _bDebate, _c2007. |
||
| 300 |
_a1 online resource (327 p.) : _bill. |
||
| 490 | 1 | _aColección Actualidad | |
| 504 | _aIncludes bibliographical references (p. 315-323). | ||
| 588 | _aDescription based on print version record. | ||
| 650 | 0 |
_aJournalism _zVenezuela _xHistory _y20th century. |
|
| 650 | 0 |
_aPress and politics _zVenezuela. |
|
| 650 | 4 |
_aPeriodismo _zVenezuela _xHistoria _ySiglo 20. |
|
| 650 | 4 |
_aPrensa y política _zVenezuela. |
|
| 776 | 0 | 8 |
_iPrint version: _aBotía, Alejandro, 1972- _tAuge y crisis del cuarto poder. _b1. ed. _d[Caracas] : Debate, 2007 _w(DLC) 2008445365 _w(OCoLC)213416729 |
| 830 | 0 | _aColeccion Actualidad (Editorial Debate) | |
| 856 | 4 | 0 |
_3Google _uhttp://books.google.com/books?id=3aIuAAAAYAAJ |
| 942 |
_2lcc _cbk |
||
| 946 | _aFHM | ||
| 994 |
_aC0 _bDRFGD |
||
| 999 |
_c79422 _d79422 |
||